000 00960nam a2200289 a 4500
001 vtls001566743
003 NLI
005 20210627155935.0
008 121213s1981 lau f000 0 eng
039 9 _y201212131821
_zVLOAD
040 _aNLI
_beng
_cDatasoft_FOD_7
_eAACR2
041 0 _aeng
044 _a lau
082 0 4 _a 333.751370973
100 1 _aGedney, Donald R.
_9916094
245 1 0 _aOccurrence of Laminated coot rots on non federal Timberland in North West Oregon 1976 /
_cby Donald R.Gedney
260 _aPortland :
_bForest Service,
_c1981
300 _a7 p ;
_c28 cm.
650 0 _aForest management
_xEnvironmental aspects
_zUnited States
_91061202
650 0 _aTimber
_xEconomic aspects
_zUnited States
_91061203
887 _a
901 _aAD 73352
_b30.06.2010
902 _aU.S 333.751370973 G 269
904 _l73352
949 _AVIRTUAITEM
_D10002
_X100
_6FOD000073352ENG
942 _00
_10
_40
_70
_aNLI
_bNLI
_yBKS
_d-
999 _aVIRTUA40
_c1017204
_d1017204